Atatürk ve iktisat : (Record no. 14188)

MARC details
000 -BAŞLIK
Sabit Uzunlukta Kontrol Alanı 01040nam a22002537a 4500
999 ## - SİSTEM KONTROL NUMARALARI (KOHA)
Koha Biblionumber 14188
Koha Biblioitemnumber 14188
003 - KONTROL NUMARASI IDENTIFIER
Denetim Alanı MIRAKIL
005 - SON İŞLEM TARİHİ VE ZAMANI
Denetim Alanı 20201112163629.0
008 - SABİT-BOY VERİ ELEMANLARI - GENEL BİLGİLER
Sabit Uzunlukta Kontrol Alanı 201112b tu ||||| |||| 00| 0 tur d
040 ## - KATALOGLAMA KAYNAK
Orijinal Kataloglama Ajansı TR-AnCHP
Metne Dönüştürmek Ajansı TR-AnCHP
041 ## - DİL KODU
Metin / Ses Parça Veya Ayrı Başlığın Dil Kodu tur
082 ## - DEWEY ONLU SINIFLANDIRMA NUMARASI
Sınıflandırma Numarası ATA 330.9561
Ürün Numarası Ü44a 1981
100 1# - ANA GİRİŞ - KİŞİSEL İSİM
Kişisel Ad Ülken, Yüksel
245 10 - BAŞLIK TABLOSU
Başlık Atatürk ve iktisat :
Başlığın Kalan İktisadi kalkınmada etkinlik sorunu ve eklektik model/
Sorumluluk Tablosu, Vb Yüksel Ülken.
246 ## - UNVAN FORM VARYING
Başlık Doğru / Kısa Başlığı İktisadi kalkınmada etkinlik sorunu ve eklektik model
260 ## - YAYIN, DAĞITIM, VB
Yayın, Dağıtım, Vb Yeri Ankara:
Yayıncı, Dağıtıcı, Vs Adı Türkiye İş Bankası Kültür Yayınları,
Yayın, Dağıtım, Vb Tarihi 1981.
300 ## - FİZİKSEL TANIM
Kapsam 299 s.:
Boyutlar 19 sm.
490 ## - SERİSİ TABLOSU
Seri Beyanı Türkiye İş Bankası Kültür Yayınları;
-- Atatürk'ün Doğumunun 100. Yılı Dizisi;
Hacim / Ardışık Tanımı Genel Yayın:224.
-- No:4.
504 ## - KAYNAKÇA VB NOT
Kaynakça Vb Notu Kaynakça ve dizin vardır.
600 14 - KONU KATMA GİRİŞ - KURUMSAL ADI
9 (RLIN) 1465
Kişisel Ad Atatürk, Gazi Mustafa Kemal
Bir Adıyla İlişkilendirilen Tarihler 1881-1938
650 #0 - KONU KATMA GİRİŞ - TOPİKAL DÖNEM
9 (RLIN) 396
Topikal Süreli Veya Coğrafi Ad Giriş Elemanı Ekonomi
Genel Alt Bölümü Atatürk Dönemi
Coğrafi Alt Bölümü Türkiye
650 #0 - KONU KATMA GİRİŞ - TOPİKAL DÖNEM
9 (RLIN) 5840
Topikal Süreli Veya Coğrafi Ad Giriş Elemanı Ekonomik kalkınma
Genel Alt Bölümü Atatürk Dönemi
Coğrafi Alt Bölümü Türkiye
740 ## - KATMA GİRİŞ - KONTROLSUZ İLGİLİ / ANALİTİK BAŞLIK
Kontrol Edilmeyen / İlgili Analitik Başlıktaki İktisadi kalkınmada etkinlik sorunu ve eklektik model
942 ## - EKLENDİ GİRİŞ ELEMANLARI (KOHA)
Sınıflandırma Veya Raf Düzeni Kaynak Dewey Decimal Classification
Koha Öğesi Türü Books
Holdings
Kalıcı Konum Mevcut Konum Edinme Tarihi Toplam Check-Out'Lar Tam Çağrı Numarası Barkod Tarih Son Görülme İtibaren Geçerli Fiyatlar Sigara Kamu Notu Koha Öğesi Türü
CHP Kütüphanesi CHP Kütüphanesi 11/12/2020   ATA 330.9561 Ü44a 1981 019716 11/12/2020 11/12/2020 Emine Başak Alkan Bağışıdır. Books